000 00347nam a2200145Ia 4500
008 150201s2009 xx 000 0 und d
082 _a617.695
_bS2009D
100 _aDABAS, VIPIN
245 _aSCIENCE OF DENTAL MATERIALS
250 _a1ST
260 _bAITBS
_aDELHI
_c2009
300 _a1-446
650 _aDENTAL MATERIAL
942 _2ddc
_cBK
_01
999 _c4500
_d4500